Những bức thư từ chiến trường /

Spremljeno u:
Bibliografski detalji
Glavni autor: Ca Lê Hiến.
Daljnji autori: Nguyễn Khoa Điền.
Format: Članak
Jezik:Vietnamese
Teme:
Oznake: Dodaj oznaku
Bez oznaka, Budi prvi tko označuje ovaj zapis!
Thư viện lưu trữ: Thư viện Trường Đại học Đà Lạt
LEADER 00798nam a2200277 4500
001 DLU110126539
005 ##20111012
040 # # |a DLU  |b vie 
041 # # |a vie 
044 # # |a vn 
100 # # |a Ca Lê Hiến. 
245 # # |a Những bức thư từ chiến trường /  |c Ca Lê Hiến, Nguyễn Khoa Điền. 
653 # # |a Chủ nghĩa anh hùng cách mạng 
653 # # |a Chiến trường 
653 # # |a Tinh thần lạc quan 
700 # # |a Nguyễn Khoa Điền. 
773 # # |t Thơ  |g Số 8, 2010, tr. 56-69 
920 # # |a Phòng Tạp chí -- Trung tâm Thông tin - Thư viện Trường Đại học Đà Lạt 
994 # # |a DLU 
900 # # |a True 
911 # # |a Nguyễn Thị Linh Chi 
925 # # |a G 
926 # # |a A 
927 # # |a BB 
980 # # |a Thư viện Trường Đại học Đà Lạt